Estadísticas para Prueba de la Guerra Civil Española

Haz click aquí para intentar la prueba.

Estadísticas generales

  • Esta prueba ha sido intentada 1.455 veces
  • La puntuación promedio es 11 de 18

Estadísticas de respuestas

PreguntaRespuesta% Correcto
¿Qué ciudad pasó a la Historia por ser bombardeada por la Legión Cóndor de la Alemania nazi?Guernica
89%
¿Qué gobiernos europeos apoyaron al bando franquista?Alemania e Italia
87%
¿Cómo se llamó a los voluntarios que vinieron a luchar a España contra el Ejército de Franco?Brigadas Internacionales
83%
¿Qué día se produjo la sublevación militar contra el Gobierno de la República?17 de julio de 1936
77%
¿En qué guerra habían participado la mayoría de los militares sublevados contra la República?Guerra del Rif
76%
¿Cuál fue la principal y más sangrienta batalla de la Guerra Civil Española?Batalla del Ebro
72%
¿Qué país proporcionó al Gobierno de la República ayuda militar y "consejeros" militares?URSS
68%
Durante la guerra, casi 7.000 curas fueron asesinados en actos de violencia. ¿Cómo fueron llamados esos sucesos?Terror rojo
66%
¿Qué fue el batallón Abraham Lincoln?Voluntarios de EEUU que lucharon en el bando republicano
66%
¿Qué fue el Frente Popular?Una coalición de partidos de izquierda
64%
Dos de los generales militares sublevados, Mola y Sanjurjo, murieron durante la guerra. ¿Cómo fallecieron?Cada uno en un accidente de avión distinto
57%
¿Cuál de los siguientes escritores luchó en el bando de la República durante la Guerra Civil?George Orwell
51%
¿Qué día acabó la Guerra Civil española?1 de abril de 1939
50%
¿Quiénes fueron conocidos como los Niños de la Guerra?Los hijos del bando republicano enviados a Rusia, México...
45%
¿Qué militar estaba al frente del Alcázar de Toledo durante el asedio de las tropas republicano?General Moscardó
43%
¿Qué popular dirigente anarquista murió en Madrid a causa de una bala perdida cuyo origen aun hoy se desconoce?Buenaventura Durruti
42%
¿Cómo pasó a llamarse el sistema dictatorial y de partido único que impuso Franco tras el fin de la Guerra Civil?Movimiento Nacional
42%
Niceto Alcalá Zamora, presidente de la II República entre 1931 y 1936, murió en el exilio tras la Guerra Civil. ¿En qué ciudad?Buenos Aires
28%

Distribución de puntuación

Porcentaje por número respondido

Porcentaje de gente con cada puntuación

Historial de tus puntuaciones

No has intentado esta prueba.